000 00267nam a2200097Ia 4500
001 1224314
005 20251010144502.0
008 250824s9999 xx 000 0 und d
245 0 _aNE ZAMAN KAYBETTİK
_cAHMET KAĞAN KARABULUT
260 _bKARATAY AKADEMİ YAYINLARI
999 _c1224314
_d1224314